<?xml version="1.0" encoding="UTF-8"?>
<collection xmlns="http://www.loc.gov/MARC21/slim">
  <record>
    <leader>00000nam  2200000   4500</leader>
    <controlfield tag="001">INLIS000000000000783</controlfield>
    <controlfield tag="005">20180724140132</controlfield>
    <controlfield tag="008">180724|||||||||   |   |||   |||| ||   | </controlfield>
    <datafield tag="035" ind1=" " ind2=" ">
      <subfield code="0">010-0718000783</subfield>
    </datafield>
    <datafield tag="041" ind1=" " ind2=" ">
      <subfield code="a">id</subfield>
    </datafield>
    <datafield tag="082" ind1=" " ind2=" ">
      <subfield code="a">051</subfield>
    </datafield>
    <datafield tag="090" ind1=" " ind2=" ">
      <subfield code="a">R.051 PIM I 2015</subfield>
    </datafield>
    <datafield tag="100" ind1=" " ind2=" ">
      <subfield code="a">Widjinarko, Teguh</subfield>
    </datafield>
    <datafield tag="245" ind1=" " ind2=" ">
      <subfield code="a">Revitalisasi Strategi Pengembangan Budaya Kerja</subfield>
    </datafield>
    <datafield tag="260" ind1=" " ind2=" ">
      <subfield code="a">Jakarta</subfield>
      <subfield code="b">LAN Jakarta</subfield>
      <subfield code="c">2015</subfield>
    </datafield>
    <datafield tag="300" ind1=" " ind2=" ">
      <subfield code="a">99 hlm.;lamp</subfield>
    </datafield>
    <datafield tag="500" ind1=" " ind2=" ">
      <subfield code="a">Keberlanjutan Proyek Perubahan ditentukan oleh konsistensi tim kerja dalam merancang dan merencanakan pengembangan budaya kerja dan diseminasi yang dilakukan melalui media sosial. Sesuai dengan rencana awal, keberlanjutan proyek perubahan ini tergantung tim kerja dalam menghasilkan berbagai pengayaan pengembangan budaya kerja kemudian mendiseminasikan ke khalayak melalui media Youtube atau lainnya agar diketahui atau dipelajari. Disamping itu, dengan ketersediaan anggaran yang dimiliki dapat pula dilakukan langkah-langkah sosialisasi dan internalisasi sebagaimana dirancang dalam rencana penyerapannya.</subfield>
    </datafield>
    <datafield tag="650" ind1=" " ind2=" ">
      <subfield code="a">Budaya Kerja</subfield>
    </datafield>
  </record>
</collection>
